| 000 | 00531nam a22001817a 4500 | ||
|---|---|---|---|
| 003 | OSt | ||
| 008 | 140502b xxu||||| |||| 00| 0 eng d | ||
| 100 | 1 | _aKing-Farlow, R. | |
| 041 | _aeng | ||
| 245 | 1 | 0 | _aCatalogue of the postage stamps of Norway |
| 246 | 1 | 0 | _aa translation of "Norgeskatalogen" issued by Oslo Filatelistklubb 1947 |
| 260 |
_aOslo, Norway _bNorsk Filatelistisk Tidsskrift |
||
| 300 | _a61 pages | ||
| 650 | 0 | _aNorway | |
| 650 | 0 | _aCatalogs and Price Lists | |
| 650 | 0 | _aProduction | |
| 650 | 0 | _aErrors and Varieties | |
| 999 |
_c605 _d605 |
||